North american combustion handbook

Kaydedildi:
Detaylı Bibliyografya
Yazar: Reed, Richard J (Yazar)
Materyal Türü: Kitap
Dil:İngilizce
Baskı/Yayın Bilgisi: Cleveland North American MFG 1997
Edisyon:3a. ed
Konular:
Etiketler: Etiketle
Etiket eklenmemiş, İlk siz ekleyin!

MARC

LEADER 00000nam a2200000 a 4500
001 UCP5055
003 CL-VaPUC
008 990827e19970000US |||||||||||||||||eng|d
082 0 4 |a 621.404  |b REE  |2 21 
100 0 |a Reed, Richard J  |e author  |9 433152 
245 1 0 |a North american combustion handbook 
250 |a 3a. ed 
300 |a v 
942 |c BK 
945 |d 19990827 00:00:00  |a rbrito 
260 |a Cleveland  |b North American MFG  |c 1997 
650 0 |a Aceites  |9 348370 
650 0 |a Combustión  |9 339668 
650 0 |a Gases  |9 260945 
650 7 |a POLULACION  |2 CL-VaPUC  |9 433153 
650 7 |a RUIDO  |2 CL-VaPUC  |9 263306 
650 7 |a OXIGENO  |2 CL-VaPUC  |9 358321 
650 7 |a CONTROL DE COMBUSTION  |2 CL-VaPUC  |9 433154 
583 |a last modification  |c 19990827 00:00:00  |k Rodrigo Vera 
999 |c 282881  |d 282879